BBC English dictionary / (Record no. 188655)

000 -LEADER
fixed length control field 00636 a2200205 4500
003 - CONTROL NUMBER IDENTIFIER
control field Nust
005 - DATE AND TIME OF LATEST TRANSACTION
control field 20240122123800.0
010 ## - LIBRARY OF CONGRESS CONTROL NUMBER
LC control number 93134117
020 ## - INTERNATIONAL STANDARD BOOK NUMBER
International Standard Book Number 000370940X (HarperCollins)
020 ## - INTERNATIONAL STANDARD BOOK NUMBER
International Standard Book Number 1854973002 (BBC English)
040 ## - CATALOGING SOURCE
Transcribing agency Nust
082 00 - DEWEY DECIMAL CLASSIFICATION NUMBER
Classification number 423,BBC
245 00 - TITLE STATEMENT
Title BBC English dictionary /
Remainder of title A Dictionary for the World.
260 ## - PUBLICATION, DISTRIBUTION, ETC.
Place of publication, distribution, etc. London :
Name of publisher, distributor, etc. BBC English :
-- HarperCollins,
Date of publication, distribution, etc. 1992.
300 ## - PHYSICAL DESCRIPTION
Extent xxxiv, 1371 p. ;
Dimensions 25 cm.
650 #0 - SUBJECT ADDED ENTRY--TOPICAL TERM
Topical term or geographic name entry element Broadcasting
General subdivision Dictionaries.
9 (RLIN) 120010
650 #0 - SUBJECT ADDED ENTRY--TOPICAL TERM
Topical term or geographic name entry element English language
General subdivision Dictionaries.
9 (RLIN) 47007
710 2# - ADDED ENTRY--CORPORATE NAME
Corporate name or jurisdiction name as entry element BBC English by Radio and Television.
9 (RLIN) 120011
942 ## - ADDED ENTRY ELEMENTS (KOHA)
Source of classification or shelving scheme
Koha item type Book
Call number prefix 423,BBC
Holdings
Withdrawn status Lost status Source of classification or shelving scheme Damaged status Not for loan Permanent Location Current Location Date acquired Full call number Barcode Date last seen Price effective from Koha item type Public note
          Military College of Signals (MCS) Military College of Signals (MCS) 12/12/2016 423,BBC MCS27935 12/08/2016 12/12/2016 Book Almirah No.12, Shelf No.2
© 2023 Central Library, National University of Sciences and Technology. All Rights Reserved.